Mechanika v příkladech

Enregistré dans:
Détails bibliographiques
Format: Livre
Langue:tchèque
Publié: Praha : SNTL, 1971
Sujets:
Tags: Ajouter un tag
Pas de tags, Soyez le premier à ajouter un tag!

MARC

LEADER 00000nam a22000003a 4500
001 stu83604
005 20150408175338.5
008 040202s1971----cs------------------cze-d
040 |a STU  |b slo 
041 0 |a cze 
044 |a cs 
080 |a 531  |7 stu_us_auth*stu7974 
245 |a Mechanika v příkladech 
260 |a Praha :  |b SNTL,  |c 1971 
300 |a 374 s 
650 7 |a mechanika  |2 stusub 
996 |b 284J015988  |c J*27181  |l JJSK  |s A  |a 24  |w stu83604_0001